Agricultural oral history interview with Thomas R. Richmond /

Richmond discusses his research in the genetics and cytology of cotton at the Texas Agricultural Experiment Station.

Bibliographic Details
Main Author: Richmond, Thomas R., 1909-
Corporate Authors: Texas Agricultural Experiment Station. Office of Research Historian, Texas A & M University. University Archives
Other Authors: May, Irvin M., 1939-, Lewis, R. D.
Format: Manuscript
Language:English
Published: [Place of publication not identified] : [publisher not identified] ; [1975]
Subjects:

MARC

Tag First Indicator Second Indicator Subfields
LEADER 00000ctm a2200000Ia 4500
001 in00002425796
005 20151109170219.0
008 800930s1975 txu 000 0 eng
035 |a (OCoLC)ocm06769161 
035 |a (OCoLC)6769161 
040 |a AGL  |c AGL  |d OCLCQ  |d OCLCG  |d TXA  |d UtOrBLW 
043 |a n-us-tx 
049 |a TXAM 
070 1 |a R  |b SB249.T4R5 
072 0 |a F120 
072 0 |a F200 
090 |a SB249  |b .R53 1975 
100 1 |a Richmond, Thomas R.,  |d 1909- 
245 1 0 |a Agricultural oral history interview with Thomas R. Richmond /  |c with the direction of Irvin M. May, Jr. 
264 1 |a [Place of publication not identified] :  |b [publisher not identified] ;  |c [1975] 
300 |a 44 leaves ;  |c 28 cm. 
336 |a text  |b txt  |2 rdacontent 
337 |a unmediated  |b n  |2 rdamedia 
338 |a volume  |b nc  |2 rdacarrier 
500 |a Typescript. 
500 |a Cover title. 
500 |a "Texas A&M University Archives, College Station, Texas"--Cover. 
500 |a Interview conducted on Dec. 19, 1975 by Irvin May and R.D. Lewis of the Texas Agricultural Experiment Station's Office of Research Historian. 
520 |a Richmond discusses his research in the genetics and cytology of cotton at the Texas Agricultural Experiment Station. 
650 0 |a Cotton  |x Genetics  |x Research  |z Texas  |z College Station. 
650 0 |a Cotton  |x Cytology  |x Research  |z Texas  |z College Station. 
610 2 0 |a Texas Agricultural Experiment Station  |x Faculty  |v Anecdotes. 
610 2 0 |a Texas Agricultural Experiment Station  |x Research. 
600 1 0 |a Richmond, Thomas R.,  |d 1909-  |v Interviews. 
650 0 |a Agriculturists  |z College Station  |z Texas  |v Interviews. 
650 3 |a Cotton  |z Texas. 
700 1 |a May, Irvin M.,  |d 1939- 
700 1 |a Lewis, R. D. 
710 2 |a Texas Agricultural Experiment Station.  |b Office of Research Historian. 
710 2 |a Texas A & M University.  |b University Archives. 
994 |a C0  |b TXA 
948 |a cataloged  |b h  |c 2008/10/29  |d c  |e jho  |f 3:04:00 pm 
949 |a enhanced  |b h  |c 2008/10/29  |d c  |e jho  |f 3:04:05 pm 
999 |a MARS 
999 f f |s 4d0d9b9a-b68e-330e-812c-18506895faa9  |i 67869bb0-3939-32e5-98a3-d24e33125e6a  |t 0 
952 f f |a Texas A&M University  |b College Station  |c Cushing Memorial Library & Archives  |d Cushing: Archives (Does not check out)  |t 0  |e SB249 .R53 1975  |h Library of Congress classification 
998 f f |a SB249 .R53 1975  |t 0  |l Cushing: Archives (Does not check out)